[Event "Vaxjo op"]
[Site "Vaxjo"]
[Date "2020.02.08"]
[Round "6"]
[White "Strom Engdahl, Alexander"]
[Black "Risting, Eivind Olav"]
[Result "1/2-1/2"]
[WhiteElo "1948"]
[BlackElo "2289"]
[PlyCount "53"]
[EventDate "2020.02.07"]
[EventType "swiss"]
[EventRounds "8"]
[EventCountry "SWE"]
[SourceTitle "CBM 194 Extra"]
[Source "ChessBase"]
[SourceDate "2020.03.31"]
[SourceVersion "1"]
[SourceVersionDate "2020.03.31"]
[SourceQuality "1"]

1. c4 e5 2. Nc3 Bb4 3. g3 Bxc3 4. dxc3 d6 5. Bg2 Nc6 6. e4 Nge7 7. Ne2 Be6 8. Qd3 Qd7 9. 0-0 Bh3 10. Rd1 h5 11. f3 Bxg2 12. Kxg2 h4 13. g4 h3+ 14. Kh1 Qe6 15. Be3 0-0-0 16. b4 g6 17. Ng3 Rhf8 18. Bh6 Rg8 19. Be3 f6 20. a4 Rgf8 21. a5 a6 22. b5 Nb8 23. Ba7 f5 24. gxf5 gxf5 25. Bxb8 Kxb8 26. bxa6 f4 27. Qb1 1/2-1/2

[Event "Gothenburg Kvibergspelen"]
[Site "Gothenburg"]
[Date "2018.04.22"]
[Round "7"]
[White "Strom Engdahl, Alexander"]
[Black "Kardell, Mathias"]
[Result "0-1"]
[WhiteElo "1720"]
[BlackElo "2057"]
[PlyCount "130"]
[EventDate "2018.04.20"]
[EventType "swiss"]
[EventRounds "8"]
[EventCountry "SWE"]
[SourceTitle "CBM 184 Extra"]
[Source "ChessBase"]
[SourceDate "2018.06.28"]
[SourceVersion "1"]
[SourceVersionDate "2018.06.28"]
[SourceQuality "1"]

1. Nf3 d5 2. g3 Nf6 3. Bg2 Bf5 4. 0-0 e6 5. c4 c6 6. cxd5 exd5 7. d3 Bc5 8. Bg5 Nbd7 9. Nc3 h6 10. Bf4 0-0 11. Rc1 Re8 12. Re1 Ng4 13. d4 Bb6 14. Qd2 Nf8 15. Na4 Ne6 16. h4 Nf6 17. Be3 Ne4 18. Qd1 Bc7 19. Nc5 N6xc5 20. dxc5 Nxg3 21. fxg3 Rxe3 22. Qd4 Qe7 23. Kf2 Re8 24. Qd2 Qf6 25. Rc3 R3e4 26. Nh2 Rd4 27. Qc1 Ba5 28. Rf3 Bxe1+ 29. Qxe1 Qe5 30. b3 Bg4 31. Nxg4 Rxg4 32. Bh3 Re4 33. Bf1 Qd4+ 34. e3 Qxc5 35. Bd3 R4e7 36. Qd2 Qd6 37. Ke2 d4 38. e4 c5 39. Kf2 Re6 40. Bc4 Rf6 41. Qd3 a6 42. a4 Qe5 43. Bd5 Rb8 44. Qc4 Rxf3+ 45. Kxf3 Qc7 46. b4 b6 47. Qxa6 cxb4 48. Qb5 Qc3+ 49. Kf2 Qc5 50. Qd3 Rc8 51. Qf3 Qc2+ 52. Kg1 Rc7 53. e5 Qc1+ 54. Kh2 Qe3 55. Qf5 Qd2+ 56. Kh3 Qc2 57. Be4 g6 58. Qf4 Qc1 59. Qf6 Qc4 60. Kh2 Qe2+ 61. Bg2 Rc2 62. Kh3 Qxg2+ 63. Kg4 h5+ 64. Kg5 Qxg3+ 65. Kh6 Qe3+ 0-1